• 首页
  • 本馆介绍
  • 公告通知
  • 最新文献
  • 馆藏检索
  • 电子资源
  • 读者导购
  • 参考咨询
  • 我的图书馆
  • 登录
  • 详细信息显示
  • 放入我的书架
  • 预约/预借图书
  • 作者相关作品
  • 分类相关作品
  • 丛书相关作品
  • 出版社相关作品

书目信息

  • 表格格式
  • 工作单格式
  • 卡片格式
题名:
妊然心动
    
 
作者: 郑佳雯 著
分册:  
出版信息: 哈尔滨   北方文艺出版社  2018
页数: 189页
开本: 24cm
丛书名:
单 册:
中图分类: R715.3 , B844.5
科图分类:
主题词: 妊娠期--心理保健 , 发展心理学
电子资源:
ISBN: 978-7-5317-4017-9
000 00848nam0 2200265 450
001 2308
005 20180627092114.55
010    @a978-7-5317-4017-9@dCNY38.00
100    @a20180315d2018 em y0chiy50 ea
101 0  @achi
102    @aCN@b230000
105    @ay z 000yy
200 1  @a妊然心动@9ren ran xin dong@e孕期心理音乐处方@f郑佳雯著
205    @a2版
210    @a哈尔滨@c北方文艺出版社@d2018
215    @a189页@d24cm
330    @a本书详细介绍了孕期各种情绪的生理、心理成因及音乐调试方式,并制定了针对不同情绪的音乐干预策略,同时提供了部分案例分析。
517 1  @a孕期心理音乐处方@9yun qi xin li yin yue chu fang
606 0  @a妊娠期@x心理保健
606 0  @a发展心理学
690    @aR715.3@v5
690    @aB844.5@v4
701  0 @a郑佳雯@9zheng jia wen@c(女)@4著
801  0 @aCN@b91MARC@c20180315
905    @aMuseLib@dB844.5@e2434=2
    
    妊然心动:孕期心理音乐处方/郑佳雯著.-2版.-哈尔滨:北方文艺出版社,2018
    189页;24cm
    
    
    ISBN 978-7-5317-4017-9:CNY38.00
    本书详细介绍了孕期各种情绪的生理、心理成因及音乐调试方式,并制定了针对不同情绪的音乐干预策略,同时提供了部分案例分析。
●
相关链接 在E读中查询图书 在五车中查询图书 在当当中查询图书 在豆瓣中查询图书


正题名:妊然心动     索取号:B844.5/2434=2         预约/预借

序号 登录号 条形码 馆藏地/架位号 状态 备注
1 1117703   211177037   第一样本阅览室/ [索取号:B844.5/2434=2] 在馆    
2 1117704   211177046   第一借阅区/ [索取号:B844.5/2434=2] 在馆    
3 1117705   211177055   第一借阅区/ [索取号:B844.5/2434=2] 在馆    
4 1117706   211177064   第一借阅区/ [索取号:B844.5/2434=2] 在馆    
5 1117707   211177073   第一借阅区/ [索取号:B844.5/2434=2] 在馆    
唐山师范学院图书馆 欢迎您!
大连网信软件有限公司© 版权所有